Estados y operadores

Uloženo v:
Podrobná bibliografie
Hlavní autor: Dienes, Zoltán P (Autor)
Médium: Kniha
Jazyk:španělština
Vydáno: Barcelona Teide 1976
Vydání:2a. ed
Edice:Enseñanza de la Matemática Moderna
Témata:
Tagy: Přidat tag
Žádné tagy, Buďte první, kdo vytvoří štítek k tomuto záznamu!

MARC

LEADER 00000nam a2200000 a 4500
001 UCY8625
003 CL-VaPUC
008 950703e19760000SP |||||||||||||||||spa|d
082 0 4 |a 372.7  |b DIE  |2 21 
100 0 |a Dienes, Zoltán P  |e author  |9 340173 
245 1 0 |a Estados y operadores 
250 |a 2a. ed 
300 |a v 
942 |c BK 
945 |d 19950703 00:00:00  |a cmena 
260 |a Barcelona  |b Teide  |c 1976 
500 |a v.2: Iniciación al álgebra 
500 |a v.3: Operadores multiplicativos 
650 0 |a Matemática  |9 260235 
650 0 |a Aritmética   |9 270049 
650 0 |a Teoría de números  |9 265327 
650 0 |a Educación básica   |9 224933 
583 |a last modification  |c 19950703 00:00:00  |k Rodrigo Vera 
490 0 |a Enseñanza de la Matemática Moderna 
999 |c 235853  |d 235851 
952 |0 0  |1 0  |4 0  |6 372_700000000000000_DIE_1976  |7 0  |8 P  |9 243533  |a BIBEDU  |b BIBEDU  |c BIBEDU_PB  |d 2019-11-18  |h v.2  |i 163612K  |o 372.7 DIE 1976  |p 163612K  |r 2024-01-25  |w 2019-11-18  |y BK  |k EDU 
952 |0 0  |1 0  |4 0  |6 372_700000000000000_DIE_1976  |7 0  |8 P  |9 243534  |a BIBEDU  |b BIBEDU  |c BIBEDU_PB  |d 2019-11-18  |h v.3  |i 1526634  |o 372.7 DIE 1976  |p 1526634  |r 2024-01-25  |w 2019-11-18  |y BK  |k EDU